000 01385nam a2200337 4500
003 EG-GICUC
005 20260121101146.0
008 251105s1996 ua ||||fr|||| 00| 0 ara d
017 _a19964155
020 _a9771905333
040 _a EG-GICUC
_bara
_c EG-GICUC
_d EG-GICUC
_erda
041 0 _aara
082 0 4 _221
_a341.83
_bا ح . د
092 0 4 _221
099 _aLaw1 12 341.83 ا ح . د 1996
100 0 _aاحمد زين عيدروس
_eمؤلف.
245 1 0 _aدخول واقامة الاجانب في تشريع الجمهورية اليمنية/
_cاحمد زين عيدروس،عبد الحكيم محسن عطروش.
250 _aالطبعة الاولى
264 1 _aدون مكان نشر:
_bمطبعة الموسكي،
_c1996.
300 _a63 ؛صفحة
_c24 سم
336 _2rda content
_atext
337 _2rda media
_aComputer
338 _2rda carrier
_aOnline Resource
504 _aيحتوي على ارجاعات ببليوجرافية يحتوي على قائمة بالمراجع
546 _aالنص أغلبه باللغة العربية مع بعض النصوص الإنجليزية
650 1 _aالأجانب
_xقانون دولي
_zاليمن
700 0 _aعبد الحكيم محسن عطروش
_eمؤلف.
856 4 0 _uhttps://fll.law.cu.edu.eg/fulltext/bks/B12-00748.pdf
905 _aRawan khaled
942 _2ddc
_n0
_cBK
_e21
999 _c41089
_d41089